000 01278nam a2200241Ia 4500
003 Ost
005 20260507075657.0
008 260507s9999||||xx |||||||||||||| ||und||
040 _cfsecg
041 _aara
082 _a346.09
100 _aفضلى، هشام
_eمؤلف
245 0 _aإدارة محافظ الأوراق المالية لحساب الغير :
_bدراسة قانونية مقارنة /
_c هشام فضلى
260 _aالاسكندرية:
_bدار الجامعة الجديدة,
_c2004
300 _a174 صفحة؛
_bإيضاحات ؛
_c24 سم
490 _aالمكتبة القانونية
504 _aالمراجع ص.156
520 _aالتزامات مدير المحفظة في مواجهة جمهور المستثمرين قبل التعاقد و في مواجهة عملائه عند التعاقد كما تم التطرق الى تنفيذ العقد و ماهية إدارة المحافظ و خصائصها و نطاقها و اخيرا المسؤولية المدنية لمدير المحفظة و المسؤولية الادارية .
653 _aالأوراق التجارية
653 _aالأوراق المالية
653 _aالأوراق المالية- قوانين وتشريعات
942 _cكتاب
999 _c45721
_d45721